00719nam a2200205 a 4500001000200000003000400002005001700006008004100023040002800064082002000092245014200112260003600254300002100290490000900311651005800320651005200378700004400430700003000474830000900504 OSt20220711132054.0110127s1986 dr a 000 0 spa d aDO-SdBNPbspacDO-SdBNP a330.7293bA171i00aAcción inmediata :b los problemas nacionales y sus posibles soluciones /cEditores Juan Antonio Elmudesi Zouain, Víctor A. Mármol  aSanto Domingo :bPayano, c1986 a247 p. :c23 cm. a v  7a República Dominicana xCondiciones económicas  7aRepública Dominicana xPolítica económica1 a Elmudesi Zouaín, Juan Antonio eed. 1 aMarmol, Víctor A. eed. 0a n